[Event "I Festival A"]
[Site "Bisaccia ITA"]
[Date "2009.05.31"]
[Round "3"]
[White "Chiarion, Elisa"]
[Black "Consalvo, Gerardo"]
[Result "0-1"]
[WhiteElo "1912"]
[BlackElo "2051"]
[PlyCount "132"]
[EventDate "2009.05.29"]

1. e4 c5 2. Nf3 d6 3. d4 cxd4 4. Nxd4 a6 5. Be2 Nf6 6. Nc3 e5 7. Nb3 Be7 8. Bg5
Be6 9. O-O O-O 10. Kh1 Nbd7 11. f4 Nb6 12. Nd2 exf4 13. Bxf4 d5 14. e5 Nfd7 15.
Nf3 Qc7 16. a4 Nc4 17. Nxd5 Bxd5 18. Qxd5 Ndb6 19. Qe4 Nxb2 20. e6 Qc6 21. Qxc6
bxc6 22. exf7+ Rxf7 23. Ne5 Rf6 24. Be3 N2xa4 25. Bf3 Rc8 26. Nxc6 Rcxc6 27.
Bxc6 Rxc6 28. Bxb6 Nxb6 29. Rxa6 Rd6 30. h3 h6 31. Rb1 Nd5 32. Ra4 Nb6 33. Re4
Bf6 34. c4 Na4 35. Rb5 Nc3 36. Rb8+ Kf7 37. Rb7+ Kg6 38. Rg4+ Kf5 39. Kg1 h5
40. Rgxg7 Bxg7 41. Rxg7 Rc6 42. h4 Ne4 43. Kf1 Rxc4 44. Ke2 Nf6 45. Rg5+ Ke6
46. g3 Rg4 47. Kf3 Rxg5 48. hxg5 Ng4 49. Ke4 Kf7 50. Kf5 Kg7 51. Ke4 Kg6 52.
Kf4 Nh2 53. Ke3 Kxg5 54. Kf2 Kg4 55. Kg2 Nf3 56. Kf2 Ne5 57. Kg2 Nf7 58. Kf2
Nd6 59. Kg2 Nf5 60. Kf2 Nxg3 61. Kg2 h4 62. Kh2 h3 63. Kg1 Ne4 64. Kh2 Ng5 65.
Kg1 Kf5 66. Kh1 Ne4 0-1

[Event "I Festival A"]
[Site "Bisaccia ITA"]
[Date "2006.05.31"]
[Round "3"]
[White "Ciavarra, Luigi"]
[Black "Puglisi, Vincenzo"]
[Result "0-1"]
[WhiteElo "1974"]
[BlackElo "2037"]
[PlyCount "79"]
[EventDate "2009.05.29"]

1. e4 Nf6 2. Nc3 d5 3. exd5 Nxd5 4. Nxd5 Qxd5 5. Qf3 c6 6. g3 e5 7. Bg2 Qc5 8.
Qe3 Bf5 9. d3 Nd7 10. Qxc5 Bxc5 11. Nf3 O-O 12. O-O f6 13. Be3 Bxe3 14. fxe3
Be6 15. b3 Nb6 16. c4 Rad8 17. Rad1 Rd7 18. d4 Rfd8 19. h3 Bf7 20. Rd2 exd4 21.
Rxd4 c5 22. Rxd7 Rxd7 23. Rf2 Nc8 24. Rd2 Rxd2 25. Nxd2 Nd6 26. Kf2 Kf8 27. Ne4
Nxe4+ 28. Bxe4 b6 29. Kf3 h6 30. h4 Ke7 31. g4 Kd6 32. h5 Ke7 33. Bc2 Be6 34.
Be4 Bd7 35. a3 a5 36. Bc2 Be6 37. a4 Bd7 38. e4 Kd6 39. Kf4 Kc6 40. Bd1 0-1

[Event "I Festival A"]
[Site "Bisaccia ITA"]
[Date "2009.05.31"]
[Round "3"]
[White "Di Muccio, Lindoro"]
[Black "Forlano, Luigi"]
[Result "1-0"]
[WhiteElo "1929"]
[BlackElo "2006"]
[PlyCount "65"]
[EventDate "2009.05.29"]

1. d4 d5 2. c4 c6 3. Nf3 Nf6 4. Nc3 a6 5. cxd5 cxd5 6. Qc2 Nc6 7. Bg5 h6 8. Bh4
g5 9. Bg3 Nh5 10. Be5 Nxe5 11. Nxe5 Bg7 12. Ng6 fxg6 13. Qxg6+ Kf8 14. Qxh5 Be6
15. e3 Qb6 16. Qe2 Kf7 17. g3 Rhf8 18. Bg2 Rad8 19. O-O Kg8 20. Na4 Qa7 21.
Rac1 Bd7 22. Qc2 Bb5 23. Rfe1 e5 24. Nc5 exd4 25. exd4 Bd7 26. Bxd5+ Kh8 27.
Re7 Bf5 28. Be4 Bc8 29. Bxb7 Qb6 30. Bxc8 Rxc8 31. Rce1 Rc6 32. Qe4 Re6 33. Nd7
1-0

[Event "I Festival A"]
[Site "Bisaccia ITA"]
[Date "2009.05.31"]
[Round "3"]
[White "Dragojlovic, Andjelko"]
[Black "Caprio, Guido"]
[Result "1-0"]
[WhiteElo "2404"]
[BlackElo "2205"]
[PlyCount "49"]
[EventDate "2009.05.29"]

1. e4 c5 2. Nf3 d6 3. c3 Nf6 4. Be2 Bd7 5. d3 g6 6. O-O Bg7 7. Re1 Nc6 8. Bf1
e5 9. h3 O-O 10. a3 Re8 11. b4 Qc7 12. Nbd2 d5 13. Bb2 b6 14. Rc1 Rab8 15. Rc2
c4 16. dxc4 dxe4 17. Ng5 Rbd8 18. Qe2 e3 19. Qxe3 Bh6 20. Bc1 Nd4 21. cxd4 exd4
22. Qxd4 Rxe1 23. Qxf6 Bxg5 24. Qxg5 Bf5 25. Rc3 1-0

[Event "I Festival A"]
[Site "Bisaccia ITA"]
[Date "2009.05.31"]
[Round "3"]
[White "Gambardella, Piero"]
[Black "Galasso, Luigi"]
[Result "1/2-1/2"]
[WhiteElo "2011"]
[BlackElo "1975"]
[PlyCount "26"]
[EventDate "2009.05.29"]

1. d4 Nf6 2. Bg5 d5 3. Bxf6 exf6 4. e3 Bd6 5. Bd3 O-O 6. Ne2 Nc6 7. c3 Ne7 8.
Bc2 g6 9. Nd2 b6 10. a4 c5 11. Nf3 f5 12. O-O Bb7 13. a5 Qc7 1/2-1/2

[Event "I Festival A"]
[Site "Bisaccia ITA"]
[Date "2009.06.01"]
[Round "3"]
[White "Laketic, Gojko"]
[Black "Capone, Vincenzo"]
[Result "1-0"]
[WhiteElo "2457"]
[BlackElo "2115"]
[PlyCount "85"]
[EventDate "2009.05.29"]

1. d4 Nf6 2. Nf3 e6 3. c4 b6 4. g3 Ba6 5. b3 Bb4+ 6. Bd2 Be7 7. Bg2 d5 8. cxd5
exd5 9. Nc3 O-O 10. O-O c6 11. Qc2 Nbd7 12. Rfe1 Re8 13. e4 dxe4 14. Nxe4 Nxe4
15. Rxe4 Bb7 16. Ng5 Bxg5 17. Rxe8+ Qxe8 18. Bxg5 Nf8 19. Rc1 Ne6 20. Be3 Rd8
21. Bxc6 Bxc6 22. Qxc6 Qxc6 23. Rxc6 Kf8 24. Rc3 Rd5 25. Rc8+ Rd8 26. Rc4 Rd5
27. Ra4 a5 28. Rc4 Ke7 29. Rc6 Rd6 30. Rc8 Rd8 31. Rxd8 Nxd8 32. d5 b5 33. Bc5+
Kd7 34. Kg2 Nb7 35. Bf8 g6 36. Kf3 f5 37. Ke3 Ke8 38. Ba3 b4 39. Bb2 Kd7 40.
Be5 Nc5 41. f3 Nb7 42. Kd4 Nd6 43. h4 1-0

[Event "I Festival A"]
[Site "Bisaccia ITA"]
[Date "2009.05.31"]
[Round "3"]
[White "Martorelli, Antonio"]
[Black "Franciosi, Fausto"]
[Result "0-1"]
[WhiteElo "2236"]
[BlackElo "1903"]
[PlyCount "70"]
[EventDate "2009.05.29"]

1. e4 d6 2. d4 Nf6 3. Nc3 e5 4. Nf3 Nbd7 5. Bc4 Be7 6. g4 c6 7. Qe2 b5 8. Bb3
a6 9. g5 Nh5 10. Nxe5 dxe5 11. Qxh5 g6 12. Qf3 Rf8 13. dxe5 Bxg5 14. Qg3 Bh4
15. Qf4 Qe7 16. Be3 g5 17. Qf3 Nxe5 18. Qg2 Bg4 19. h3 Bf3 20. Qf1 O-O-O 21. a4
Bxh1 22. Qxh1 b4 23. Nb1 f5 24. exf5 Rxf5 25. Nd2 Bxf2+ 26. Bxf2 Nd3+ 27. Kf1
Rxf2+ 28. Kg1 Qc7 29. Ne4 Rff8 30. cxd3 Rxd3 31. Bc4 Qb6+ 32. Kg2 Rd2+ 33. Kg3
Qe3+ 34. Kg4 Qf4+ 35. Kh5 Qh4# 0-1

[Event "I Festival A"]
[Site "Bisaccia ITA"]
[Date "2006.05.31"]
[Round "3"]
[White "Messina, Enrico"]
[Black "Sellitti, Luca"]
[Result "1/2-1/2"]
[WhiteElo "2147"]
[BlackElo "1897"]
[PlyCount "100"]
[EventDate "2009.05.29"]

1. e4 e6 2. Nf3 d5 3. e5 c5 4. b4 cxb4 5. a3 Nc6 6. axb4 f6 7. d4 fxe5 8. Nxe5
Nf6 9. Bd3 Qc7 10. Nxc6 bxc6 11. O-O Bxb4 12. Nd2 Bc3 13. Ra4 e5 14. dxe5 Bxe5
15. f4 Bd6 16. Re1+ Kd8 17. Nf3 Bc5+ 18. Kf1 Bg4 19. Be2 Bxf3 20. Bxf3 Re8 21.
Rxe8+ Kxe8 22. Bh5+ Kf8 23. Bf3 Qb6 24. c4 Re8 25. Ra1 Qb4 26. cxd5 Qc4+ 27.
Be2 Qxd5 28. Qxd5 cxd5 29. Bf3 Kf7 30. g4 Bb6 31. Bb2 Ne4 32. Rd1 Rd8 33. Bd4
Bxd4 34. Rxd4 Nc3 35. Ke1 Ke6 36. Kd2 Nb5 37. Rb4 a6 38. Be2 Kd6 39. Ra4 Nc7
40. Bxa6 Rb8 41. Bd3 h6 42. Ra2 Rb4 43. Ke3 Rb3 44. Kd2 Ne6 45. Ra6+ Ke7 46.
Ra7+ Kf6 47. Ra6 Ke7 48. Ra7+ Kf6 49. Ra6 Ke7 50. Ra7+ Kf6 1/2-1/2

[Event "I Festival A"]
[Site "Bisaccia ITA"]
[Date "2009.05.31"]
[Round "3"]
[White "Minikh, Edouard"]
[Black "Quimi, Marco"]
[Result "1/2-1/2"]
[WhiteElo "2095"]
[BlackElo "2242"]
[PlyCount "24"]
[EventDate "2009.05.29"]

1. Nf3 Nf6 2. g3 g6 3. Bg2 Bg7 4. O-O O-O 5. d4 d6 6. c4 Nbd7 7. Nc3 e5 8. e4
c6 9. h3 Qc7 10. Re1 Re8 11. Be3 a6 12. Qc2 Nf8 1/2-1/2

[Event "I Festival A"]
[Site "Bisaccia ITA"]
[Date "2009.05.31"]
[Round "3"]
[White "Serafimov, Tervel"]
[Black "Vespe, Francesco"]
[Result "1-0"]
[WhiteElo "2388"]
[BlackElo "1982"]
[PlyCount "83"]
[EventDate "2009.05.29"]

1. c4 e5 2. Nc3 f5 3. g3 Nf6 4. Bg2 Nc6 5. e3 Bc5 6. Nge2 O-O 7. O-O e4 8. d3
exd3 9. Qxd3 Ne7 10. Na4 Bb6 11. c5 Ba5 12. b4 Bxb4 13. Qb3+ Ned5 14. Bxd5+
Nxd5 15. Qxd5+ Kh8 16. Bb2 Qe7 17. a3 c6 18. Qe5 Qxe5 19. Bxe5 Ba5 20. Rab1 b6
21. cxb6 axb6 22. Nxb6 Bxb6 23. Rxb6 Ba6 24. Re1 Bxe2 25. Rxe2 Rxa3 26. Rd2 Ra7
27. Kg2 Kg8 28. Bb8 Ra8 29. Bd6 Rf7 30. Rdb2 Rf6 31. Rb8+ Rxb8 32. Rxb8+ Kf7
33. Be5 Re6 34. f4 d6 35. Rb7+ Kg8 36. Bxg7 Rxe3 37. Kh3 c5 38. Kh4 c4 39. Rc7
d5 40. Be5 Re2 41. Kg5 Rxh2 42. Kxf5 1-0

[Event "I Festival A"]
[Site "Bisaccia ITA"]
[Date "2009.05.31"]
[Round "3"]
[White "Stromboli, Carlo"]
[Black "Colucci, Stefano"]
[Result "1-0"]
[WhiteElo "2283"]
[BlackElo "2009"]
[PlyCount "71"]
[EventDate "2009.05.29"]

1. e4 c5 2. Nf3 d6 3. d4 cxd4 4. Nxd4 Nf6 5. Nc3 a6 6. h3 e6 7. g4 Nc6 8. Bg2
Nxd4 9. Qxd4 e5 10. Qd3 Be6 11. Bg5 Rc8 12. O-O-O Qa5 13. f4 Be7 14. a3 b5 15.
Bxf6 gxf6 16. f5 Bc4 17. Qd2 b4 18. Nd5 Bxd5 19. Qxd5 Qa4 20. Qd3 bxa3 21. b3
Qa5 22. Kb1 Rc6 23. Ka2 O-O 24. Qd2 Qc7 25. c4 a5 26. Bf1 Rb8 27. Rb1 a4 28. b4
Rxc4 29. Bxc4 Qxc4+ 30. Kxa3 Qxe4 31. Rhe1 Qb7 32. Red1 d5 33. Qxd5 Bxb4+ 34.
Ka2 Qb6 35. Qc4 Qa5 36. Rd7 1-0

[Event "I Festival A"]
[Site "Bisaccia ITA"]
[Date "2009.05.31"]
[Round "3"]
[White "Stromboli, Ettore"]
[Black "Lattanzio, Savino"]
[Result "1-0"]
[WhiteElo "2301"]
[BlackElo "2021"]
[PlyCount "87"]
[EventDate "2009.05.29"]

1. e4 c6 2. d4 d5 3. Nc3 dxe4 4. Nxe4 Nd7 5. Ng5 Ngf6 6. Bd3 e6 7. N1f3 Bd6 8.
Qe2 h6 9. Ne4 Nxe4 10. Qxe4 Nf6 11. Qe2 Qc7 12. Ne5 Bxe5 13. dxe5 Nd7 14. Bf4
b6 15. O-O-O Bb7 16. h4 O-O-O 17. h5 Nf6 18. Rh3 Nd5 19. Bd2 Rdg8 20. Rg3 Qe7
21. Re1 Nc7 22. Be4 c5 23. Bxb7+ Kxb7 24. Qe4+ Kb8 25. c4 Qe8 26. Rh1 f5 27.
exf6 gxf6 28. Rg6 Qf8 29. Rh3 f5 30. Qe5 Kb7 31. Rhg3 Qd8 32. Bf4 Rxg6 33. hxg6
Rg8 34. g7 Qd7 35. Bxh6 Qd4 36. Qxd4 cxd4 37. Bf4 Ne8 38. Be5 Kc6 39. Bxd4 Kd6
40. Rh3 Nxg7 41. Rg3 e5 42. Rg6+ Ne6 43. Bxe5+ Kxe5 44. Rxg8 1-0

[Event "I Festival A"]
[Site "Bisaccia ITA"]
[Date "2009.05.31"]
[Round "3"]
[White "Vanacore, Francesco"]
[Black "Rotelli, Pietro"]
[Result "1-0"]
[WhiteElo "2050"]
[BlackElo "1970"]
[PlyCount "71"]
[EventDate "2009.05.29"]

1. e4 c6 2. d4 d5 3. e5 Bf5 4. Bd3 Bxd3 5. Qxd3 e6 6. f4 g6 7. Nf3 Nd7 8. O-O
Nh6 9. c3 Be7 10. g3 a5 11. Be3 O-O 12. h3 c5 13. g4 cxd4 14. cxd4 Kg7 15. Nbd2
Qb6 16. Kg2 Qa6 17. Qb1 Rfe8 18. f5 exf5 19. Bxh6+ Kxh6 20. gxf5 gxf5 21. Qxf5
Qe6 22. Qf4+ Kg7 23. Ng5 Bxg5 24. Qxg5+ Kh8 25. Qh5 Rf8 26. Rf4 f6 27. Qh6 Rae8
28. Raf1 Rf7 29. Nf3 Ref8 30. Ng5 Qa6 31. Nxf7+ Rxf7 32. exf6 Qe2+ 33. R1f2 Qe1
34. Kh2 Qe3 35. Qg5 Nxf6 36. Qe5 1-0

[Event "I Festival A"]
[Site "Bisaccia ITA"]
[Date "2009.05.31"]
[Round "4"]
[White "Capone, Vincenzo"]
[Black "Minikh, Edouard"]
[Result "1-0"]
[WhiteElo "2115"]
[BlackElo "2095"]
[PlyCount "67"]
[EventDate "2009.05.29"]

1. d4 Nf6 2. c4 g6 3. Nf3 Bg7 4. g3 O-O 5. Bg2 d6 6. Nc3 Nc6 7. O-O a6 8. a3
Rb8 9. b4 b5 10. cxb5 axb5 11. Bg5 h6 12. Bxf6 exf6 13. e3 Bd7 14. Qd3 Ne7 15.
Nd2 c6 16. Nb3 f5 17. d5 Nxd5 18. Bxd5 cxd5 19. Nd4 f4 20. exf4 Rc8 21. Rac1
Qb6 22. Ndxb5 d4 23. Nd5 Qxb5 24. Qxb5 Bxb5 25. Ne7+ Kh7 26. Rxc8 Rxc8 27. Nxc8
Be2 28. Nxd6 d3 29. Nc4 Bc3 30. Rb1 Bf3 31. b5 d2 32. b6 d1=Q+ 33. Rxd1 Bxd1
34. b7 1-0

[Event "I Festival A"]
[Site "Bisaccia ITA"]
[Date "2009.05.31"]
[Round "4"]
[White "Cinque, Antonio"]
[Black "Bove, Raffaele"]
[Result "1-0"]
[WhiteElo "1913"]
[BlackElo "1993"]
[PlyCount "63"]
[EventDate "2009.05.29"]

1. e4 c5 2. Nf3 d6 3. g3 Nc6 4. Bg2 Qb6 5. O-O Nf6 6. d3 e6 7. Nbd2 Be7 8. c3
Qa6 9. Qe2 O-O 10. Re1 e5 11. Nf1 b5 12. Ne3 h6 13. Nh4 Kh7 14. Nhf5 g6 15.
Nxe7 Nxe7 16. f4 Rb8 17. Rf1 b4 18. c4 b3 19. fxe5 dxe5 20. a3 Rb6 21. Nd5
Nexd5 22. exd5 Bf5 23. Be3 Qc8 24. Rad1 e4 25. dxe4 Nxe4 26. Bxe4 Bxe4 27. Qf2
Qh3 28. Bxc5 Rbb8 29. Bxf8 Rxf8 30. Rfe1 Bc2 31. Rd4 Qd7 32. d6 1-0

[Event "I Festival A"]
[Site "Bisaccia ITA"]
[Date "2009.05.31"]
[Round "4"]
[White "Colucci, Stefano"]
[Black "Lattanzio, Savino"]
[Result "0-1"]
[WhiteElo "2009"]
[BlackElo "2021"]
[PlyCount "38"]
[EventDate "2009.05.29"]

1. d4 d5 2. Nf3 Nf6 3. c4 c6 4. Nc3 a6 5. c5 Nbd7 6. Qc2 g6 7. Bg5 Bg7 8. e4
dxe4 9. Nd2 O-O 10. Ndxe4 Nxe4 11. Qxe4 Nf6 12. Bxf6 Bxf6 13. Rd1 Bf5 14. Qf4
e5 15. dxe5 Qe7 16. Be2 Bxe5 17. Qe3 Rfe8 18. Rd2 Qc7 19. Kf1 Bf4 0-1

[Event "I Festival A"]
[Site "Bisaccia ITA"]
[Date "2009.05.31"]
[Round "4"]
[White "Consalvo, Gerardo"]
[Black "Di Muccio, Lindoro"]
[Result "1-0"]
[WhiteElo "2051"]
[BlackElo "1929"]
[PlyCount "67"]
[EventDate "2009.05.29"]

1. e4 c5 2. Nf3 d6 3. d4 cxd4 4. Nxd4 Nf6 5. Nc3 a6 6. Bg5 e6 7. f4 Be7 8. Qf3
Qc7 9. O-O-O b5 10. g4 Bb7 11. Bxf6 Bxf6 12. g5 Be7 13. h4 Nc6 14. f5 Nxd4 15.
Rxd4 O-O-O 16. a4 Qc5 17. Qd3 e5 18. Rd5 Bxd5 19. Nxd5 Bf8 20. axb5 axb5 21.
Qb3 Rd7 22. Bxb5 Ra7 23. Kb1 g6 24. f6 h6 25. Bc4 hxg5 26. Nb6+ Kc7 27. Na4 Qa5
28. Bb5 Kd8 29. Bc6 Qc7 30. Nc3 Ra5 31. Ba4 Qa7 32. Nb5 Qa8 33. Qxf7 Rxa4 34.
Qc7+ 1-0

[Event "I Festival A"]
[Site "Bisaccia ITA"]
[Date "2009.05.31"]
[Round "4"]
[White "Forlano, Luigi"]
[Black "Gambardella, Piero"]
[Result "1-0"]
[WhiteElo "2006"]
[BlackElo "2011"]
[PlyCount "37"]
[EventDate "2009.05.29"]

1. e4 e5 2. Nf3 Nc6 3. Bc4 Nf6 4. d3 Be7 5. c3 O-O 6. O-O d6 7. Bb3 Be6 8. Bc2
d5 9. Qe2 dxe4 10. dxe4 Nd7 11. b4 Qe8 12. Ng5 Bxg5 13. Bxg5 f6 14. Be3 Qf7 15.
Bd3 Nb6 16. Nd2 Bxa2 17. Bxb6 Rfd8 18. Be3 Rd7 19. Rxa2 1-0

[Event "I Festival A"]
[Site "Bisaccia ITA"]
[Date "2009.05.31"]
[Round "4"]
[White "Franciosi, Fausto"]
[Black "Stromboli, Ettore"]
[Result "1/2-1/2"]
[WhiteElo "1903"]
[BlackElo "2301"]
[PlyCount "59"]
[EventDate "2009.05.29"]

1. d4 e6 2. c4 b6 3. Nf3 Nf6 4. g3 Bb7 5. Bg2 Bb4+ 6. Nbd2 O-O 7. O-O d5 8.
cxd5 Bxd5 9. a3 Be7 10. Qc2 Nbd7 11. e4 Bb7 12. e5 Nd5 13. Ne4 Re8 14. Nfg5 Nf8
15. f4 h6 16. Nh3 f5 17. exf6 Bxf6 18. Nxf6+ Qxf6 19. Rd1 Rac8 20. Nf2 Ba8 21.
Ne4 Qe7 22. Bd2 Nd7 23. Rac1 N7f6 24. b4 Qd7 25. Qd3 Nxe4 26. Bxe4 Nf6 27. Bxa8
Rxa8 28. b5 Nd5 29. Bb4 Rac8 30. Rc6 1/2-1/2

[Event "I Festival A"]
[Site "Bisaccia ITA"]
[Date "2009.05.31"]
[Round "4"]
[White "Galasso, Luigi"]
[Black "Martorelli, Antonio"]
[Result "0-1"]
[WhiteElo "1975"]
[BlackElo "2236"]
[PlyCount "64"]
[EventDate "2009.05.29"]

1. c4 e5 2. Nc3 Nf6 3. g3 c6 4. Nf3 e4 5. Nd4 Qb6 6. Nb3 a5 7. Rb1 d5 8. cxd5
Bf5 9. e3 Nbd7 10. d4 cxd5 11. Be2 Bh3 12. Bf1 Bxf1 13. Kxf1 Bb4 14. Bd2 a4 15.
Na1 O-O 16. a3 Bxc3 17. Bxc3 Qe6 18. Kg2 h5 19. h4 Ng4 20. Qe2 Rfc8 21. Nc2 Nb6
22. Nb4 Nc4 23. Rhc1 Qf5 24. Be1 b5 25. Na2 Ra6 26. Bb4 Rf6 27. Rf1 Qd7 28. Nc3
Rf3 29. Nd1 Rc6 30. Bd2 Rcf6 31. Bc1 Qc7 32. Rg1 Ncxe3+ 0-1

[Event "I Festival A"]
[Site "Bisaccia ITA"]
[Date "2009.05.31"]
[Round "4"]
[White "Kizov, Atanas"]
[Black "Stromboli, Carlo"]
[Result "1-0"]
[WhiteElo "2391"]
[BlackElo "2283"]
[PlyCount "63"]
[EventDate "2009.05.29"]

1. d4 Nf6 2. Nf3 e6 3. g3 b6 4. Bg2 Bb7 5. O-O c5 6. c4 cxd4 7. Qxd4 Nc6 8. Qf4
Be7 9. Nc3 a6 10. Rd1 d6 11. b3 O-O 12. Ba3 Ne8 13. Ne4 d5 14. cxd5 exd5 15.
Bxe7 Nxe7 16. Nc3 Rc8 17. Qd4 Nf6 18. Na4 b5 19. Nc5 Qb6 20. Nxb7 Qxb7 21. Bh3
Rc2 22. Rd2 Nc6 23. Qf4 Rxd2 24. Qxd2 Qb6 25. e3 Re8 26. Rd1 Ne4 27. Qb2 Qc5
28. Bd7 Nc3 29. Rd3 d4 30. Bxe8 Qf5 31. Bxc6 Qxd3 32. Nxd4 1-0

[Event "I Festival A"]
[Site "Bisaccia ITA"]
[Date "2009.05.31"]
[Round "4"]
[White "Puglisi, Vincenzo"]
[Black "Messina, Enrico"]
[Result "1/2-1/2"]
[WhiteElo "2037"]
[BlackElo "2147"]
[PlyCount "47"]
[EventDate "2009.05.29"]

1. c4 e5 2. g3 Nc6 3. Bg2 g6 4. e3 Bg7 5. Ne2 d6 6. d4 h5 7. h3 Nh6 8. Nbc3 Bd7
9. Nd5 exd4 10. exd4 Nf5 11. O-O Ncxd4 12. Nxd4 Bxd4 13. Nxc7+ Qxc7 14. g4 hxg4
15. hxg4 Be5 16. gxf5 gxf5 17. Re1 O-O-O 18. f4 Bf6 19. Be3 Rdg8 20. Kf1 Bc6
21. Bd4 Rh1+ 22. Bxh1 Bxh1 23. Qh5 Qc6 24. Re2 1/2-1/2

[Event "I Festival A"]
[Site "Bisaccia ITA"]
[Date "2009.05.31"]
[Round "4"]
[White "Quimi, Marco"]
[Black "Vanacore, Francesco"]
[Result "1-0"]
[WhiteElo "2242"]
[BlackElo "2050"]
[PlyCount "65"]
[EventDate "2009.05.29"]

1. e4 e6 2. d4 d5 3. e5 c5 4. c3 Nc6 5. Nf3 Qb6 6. a3 Nh6 7. b4 cxb4 8. cxb4
Nf5 9. Bb2 Bd7 10. g4 Nh6 11. h3 Be7 12. Nc3 Rc8 13. Na4 Qd8 14. Nc5 Bxc5 15.
dxc5 a6 16. Bd3 Na7 17. a4 a5 18. b5 Rxc5 19. Ba3 Rc8 20. Qd2 Ra8 21. O-O Nc8
22. Rfc1 Ng8 23. Ng5 h6 24. Nxf7 Kxf7 25. Qf4+ Nf6 26. exf6 gxf6 27. Rc7 e5 28.
Qf5 e4 29. Rxd7+ Ne7 30. Qxd5+ Kf8 31. Bc4 Qe8 32. Rxe7 Qxe7 33. Qf7# 1-0

[Event "I Festival A"]
[Site "Bisaccia ITA"]
[Date "2009.05.31"]
[Round "4"]
[White "Rotelli, Pietro"]
[Black "Grasso, Nino"]
[Result "1-0"]
[WhiteElo "1970"]
[BlackElo "1984"]
[PlyCount "122"]
[EventDate "2009.05.29"]

1. d4 Nf6 2. c4 c5 3. d5 b5 4. cxb5 a6 5. bxa6 Bxa6 6. Nc3 d6 7. Nf3 g6 8. e4
Bxf1 9. Kxf1 Bg7 10. g3 O-O 11. Kg2 Nbd7 12. Re1 Qc7 13. h3 Rfb8 14. Re2 h6 15.
Qe1 Ne8 16. h4 c4 17. Bf4 Nc5 18. Bc1 Nd3 19. Qd2 Qa5 20. Ne1 Nxb2 21. Bxb2
Rxb2 22. Qxb2 Bxc3 23. Qc1 Bxa1 24. Qxa1 Nf6 25. Qc1 Qc5 26. f3 Kg7 27. Rc2 Ra4
28. Nd3 Qd4 29. Nf2 h5 30. a3 Nd7 31. Rc3 Nc5 32. Qc2 Nb3 33. Nd1 Qc5 34. Nb2
Qxa3 35. Nxa4 Qxa4 36. Rxc4 Qb5 37. Qb2+ f6 38. Rc3 Nd4 39. Qxb5 Nxb5 40. Rb3
Nd4 41. Rb7 Kf7 42. Kf2 f5 43. Rb2 Kf6 44. Ke3 e5 45. Rb6 Ke7 46. Rb7+ Kf6 47.
Rd7 Nb5 48. Rh7 Nd4 49. Rc7 g5 50. hxg5+ Kxg5 51. Rc6 fxe4 52. fxe4 Kg4 53.
Rxd6 Kxg3 54. Rg6+ Kh3 55. d6 Nc6 56. d7 Nd8 57. Rg5 h4 58. Kf3 Kh2 59. Rxe5 h3
60. Re8 Kh1 61. Rxd8 h2 1-0

[Event "I Festival A"]
[Site "Bisaccia ITA"]
[Date "2009.05.31"]
[Round "4"]
[White "Vespe, Francesco"]
[Black "Sellitti, Luca"]
[Result "0-1"]
[WhiteElo "1982"]
[BlackElo "1897"]
[PlyCount "91"]
[EventDate "2009.05.29"]

1. d4 Nf6 2. c4 d6 3. Nc3 g6 4. e4 Bg7 5. Nf3 O-O 6. Be2 c6 7. Bg5 Qa5 8. Qd2
Nbd7 9. O-O e5 10. d5 cxd5 11. cxd5 a6 12. a3 b5 13. b4 Qd8 14. Rac1 Nb6 15. h3
Bb7 16. Qa2 Qd7 17. Be3 Qd8 18. Nd2 Rc8 19. Rc2 Nfd7 20. Rfc1 f5 21. f3 Qh4 22.
a4 Nxa4 23. Nxa4 bxa4 24. Qxa4 Rxc2 25. Rxc2 Qe1+ 26. Nf1 fxe4 27. Qxd7 Bxd5
28. Qxd6 Bb3 29. Rb2 exf3 30. gxf3 e4 31. Rxb3 Qxe2 32. Qd5+ Kh8 33. Qxe4 Rxf3
34. Qa8+ Rf8 35. Qg2 Qd1 36. Ra3 Rf3 37. Rxa6 Be5 38. Bf2 Qd3 39. Ra8+ Kg7 40.
Re8 Bd4 41. Bxd4+ Qxd4+ 42. Kh1 Qd1 43. Kg1 Qd4+ 44. Kh2 Rf7 45. Ng3 Rd7 46.
Re2 0-1

[Event "I Festival A"]
[Site "Bisaccia ITA"]
[Date "2009.06.01"]
[Round "5"]
[White "Ariete, Gerardo"]
[Black "Forlano, Luigi"]
[Result "0-1"]
[WhiteElo "2022"]
[BlackElo "2006"]
[PlyCount "52"]
[EventDate "2009.05.29"]

1. d4 d5 2. c4 c6 3. e3 Nf6 4. Nc3 a6 5. Nf3 b5 6. cxb5 cxb5 7. Ne5 e6 8. Be2
Be7 9. O-O O-O 10. a3 Bb7 11. b4 Nbd7 12. Nd3 Nb6 13. Nc5 Bxc5 14. bxc5 Nc4 15.
Rb1 Bc6 16. f3 Qd7 17. g4 Rfb8 18. Rf2 a5 19. Na2 Qe7 20. g5 Nd7 21. f4 f6 22.
h4 f5 23. Bd3 Rb7 24. Qf3 Nb8 25. Rc2 Qd7 26. Qf1 Na6 0-1

[Event "I Festival A"]
[Site "Bisaccia ITA"]
[Date "2009.06.01"]
[Round "5"]
[White "Di Muccio, Lindoro"]
[Black "Galasso, Luigi"]
[Result "1/2-1/2"]
[WhiteElo "1929"]
[BlackElo "1975"]
[PlyCount "67"]
[EventDate "2009.05.29"]

1. d4 Nf6 2. c4 g6 3. Nc3 Bg7 4. e4 d6 5. Nf3 O-O 6. Be2 e5 7. d5 Nbd7 8. b4 a5
9. bxa5 Rxa5 10. O-O Nc5 11. Qc2 Ne8 12. Be3 f5 13. Bxc5 Rxc5 14. Ne1 Nf6 15.
f3 Bd7 16. a4 b6 17. Nb5 fxe4 18. fxe4 Bg4 19. Nd3 Bxe2 20. Nxc5 Bg4 21. Na6
Ne8 22. Rxf8+ Bxf8 23. a5 bxa5 24. Rxa5 Qg5 25. Ra3 Nf6 26. Naxc7 Nh5 27. Ne6
Bxe6 28. dxe6 Nf4 29. Rf3 Nxe6 30. Rxf8+ Kxf8 31. Nxd6 Ke7 32. Nb5 Qe3+ 33. Kf1
Qf4+ 34. Kg1 1/2-1/2

[Event "I Festival A"]
[Site "Bisaccia ITA"]
[Date "2009.06.01"]
[Round "5"]
[White "Grasso, Nino"]
[Black "Chiarion, Elisa"]
[Result "1-0"]
[WhiteElo "1984"]
[BlackElo "1912"]
[PlyCount "57"]
[EventDate "2009.05.29"]

1. e4 c5 2. d4 cxd4 3. c3 dxc3 4. Nxc3 Nc6 5. Nf3 d6 6. Bc4 e6 7. O-O Be7 8.
Qe2 Nf6 9. Rd1 Qc7 10. Bf4 a6 11. Rac1 O-O 12. a3 b5 13. Ba2 Rd8 14. Nd5 Qb7
15. Nxe7+ Nxe7 16. Bxd6 Ng6 17. e5 Nd5 18. Ng5 Ndf4 19. Qf1 Nh4 20. Rc7 Qxg2+
21. Qxg2 Nhxg2 22. Nxf7 Rd7 23. Ng5 Rxc7 24. Bxc7 Bb7 25. Nxe6 Nxe6 26. Bxe6+
Kf8 27. Rd7 Be4 28. Bd6+ Ke8 29. Rxg7 1-0

[Event "I Festival A"]
[Site "Bisaccia ITA"]
[Date "2009.06.01"]
[Round "5"]
[White "Lattanzio, Savino"]
[Black "Consalvo, Gerardo"]
[Result "1/2-1/2"]
[WhiteElo "2021"]
[BlackElo "2051"]
[PlyCount "43"]
[EventDate "2009.05.29"]

1. e4 c5 2. c3 Nf6 3. e5 Nd5 4. d4 cxd4 5. Nf3 Nc6 6. cxd4 d6 7. Bc4 Nb6 8. Bb5
dxe5 9. Nxe5 Bd7 10. Nxd7 Qxd7 11. Nc3 e6 12. O-O Be7 13. Be3 O-O 14. Bxc6 Qxc6
15. Qe2 Nd5 16. Rac1 Qd7 17. Nxd5 Qxd5 18. Rc2 Rfd8 19. Rfc1 Rd7 20. Qc4 Qxc4
21. Rxc4 Rad8 22. Kf1 1/2-1/2

[Event "I Festival A"]
[Site "Bisaccia ITA"]
[Date "2009.06.01"]
[Round "5"]
[White "Martorelli, Antonio"]
[Black "Puglisi, Vincenzo"]
[Result "1-0"]
[WhiteElo "2236"]
[BlackElo "2037"]
[PlyCount "58"]
[EventDate "2009.05.29"]

1. e4 c5 2. Nf3 e6 3. d4 cxd4 4. Nxd4 a6 5. c4 Nf6 6. Nc3 Bb4 7. Bd3 d6 8. Qa4+
Nc6 9. Nxc6 Bxc3+ 10. bxc3 bxc6 11. Qxc6+ Bd7 12. Qxd6 Qe7 13. Ba3 Qxd6 14.
Bxd6 Bc6 15. f3 O-O-O 16. c5 Kb7 17. Rb1+ Ka7 18. Ke2 Nd7 19. Rb3 a5 20. Rhb1
a4 21. Rb4 Rb8 22. Bxb8+ Rxb8 23. Rxb8 Nxb8 24. Bb5 e5 25. Rb4 Bxb5+ 26. Rxb5
Nc6 27. Kd3 g6 28. Kc4 f5 29. Kd5 Ne7+ 1-0

[Event "I Festival A"]
[Site "Bisaccia ITA"]
[Date "2009.06.01"]
[Round "5"]
[White "Messina, Enrico"]
[Black "Vespe, Francesco"]
[Result "1-0"]
[WhiteElo "2147"]
[BlackElo "1982"]
[PlyCount "41"]
[EventDate "2009.05.29"]

1. e4 e6 2. Nf3 d5 3. e5 c5 4. b4 cxb4 5. d4 Nc6 6. a3 f6 7. axb4 Bxb4+ 8. c3
Be7 9. Bd3 Qc7 10. Qe2 Na5 11. Bf4 f5 12. g4 Nb3 13. Ra2 fxg4 14. Ng5 Bxg5 15.
Bxg5 Nh6 16. Bxh6 gxh6 17. Qxg4 Bd7 18. Qh5+ Ke7 19. Qh4+ Ke8 20. Qxh6 Kd8 21.
Qg7 1-0